000 00749nam a2200205Ii 4500
003 JO-AjNU
008 230605s9999||||xx |||||||||||||| ||und||
017 _a1988/371
040 _aJO-AjNU
_bara
_erda
_cJO-AjNU
041 _aara
050 1 4 _aPR2796.A7.C674 1989
100 3 _aشكسبير، وليم ؛ ترجمة جبرا إبراهيم جبرا,
_eauthor
_920398
245 0 0 _aالليلة الثانية عشر أو ما تشاء
264 3 1 _aبغداد: دار المأمون للترجمة والنشر، 1989
300 _a259ص
336 _atext
_btxt
_2rdacontent
337 _aunmediated
_bn
_2rdamedia
338 _avolume
_bnc
_2rdacarrier
650 4 _aالأدب العربي - الأدب الإنجليزي - ترجمة
_920399
999 _aA6907
_c10475
_d10475